000 01719nam a2200361 c 4500
003 BLK
005 20180422104054.0
008 180408b bul|||||r ||||||| ||bul||
010 _aKNG00087509000
020 _a978-954-01-2093-5
_bиздат.: Просвета
040 _aBLK
041 _aBUL
_cBUL
080 _aСпециално обучение като елемент на общообразователното обучение - Обучение по техника, домакинство, селско стопанство и др.
_b373.6
_x(075.2)
_z373.6(075.2)
100 1 _aВитанов, Любен Владимиров
_eпърви автор
_9366231
700 1 _aИванов, Георги Петков
_eсъавт.
_9368792
139 _aВитанов, Любен Владимиров и др.
_bВ 65
245 1 0 _aДомашен бит и техника за ІІІ клас
_cЛюбен Владимиров Витанов; съавт. Георги Петков Иванов.
250 _a2. прераб. изд.
257 _aBGR
260 София
_bПросвета
_c2008
_fПловдив : Нова Принт
300 _a44 с.
_bс цв. ил.
_c26 см
380 _a3
500 _aАвт. не са отбелязани на кор. - 1. изд. 2004.
650 4 _aТрудово обучение - учебници за основни училища
_9246771
653 _aтрудово обучение
653 _aучебници за основни училища
653 _aІІІ кл.
852 _aЦб ІІ 15485
856 4 _qpdf
_u
856 4 _qpdf
_u
942 _cKNG
_n0
944 _aCR
_c27.01.2009
_lф /
_kЛюдмила_Стоянова
944 _aED
_c08.03.2012
_lф /
_k
999 _c82972
_d82972